000 00414nam a22001697a 4500
003 MPLRDC
005 20220104125033.0
008 210129b ||||| |||| 00| 0 eng d
082 _a857.9 SML-13 v.4
100 _a司马翎
245 _a河岳点将录. 四
_c
260 _a
_b毅力出版社
_c
300 _b
490 _a司马翎小说专辑
650 _a武侠小说
942 _cBK
_o857.9 SML-13 v.4
999 _c24143
_d24133